| 000 | 00566nam a2200181Ia 4500 | ||
|---|---|---|---|
| 003 | IN-BaIIA | ||
| 008 | 211028s9999 xx 000 0 eng d | ||
| 040 | _cIIA Library | ||
| 080 |
_a31.77 _bEKC-12 |
||
| 110 |
_aEncyclopedia Britannica _910946 |
||
| 245 | 0 |
_aEncyclopedia of Practical Photography _bvol.12, Prod-Sli _cEastman Kodak Company |
|
| 260 |
_aNew York _bAmphoto _c1979 |
||
| 300 | _a2057-2264p. | ||
| 650 | _aEncyclopedia-Photography | ||
| 650 | _aNASA Thesaurus | ||
| 650 | _aPhotography-Encyclopedia | ||
| 942 | _cBK | ||
| 999 |
_c6516 _d6516 |
||